000 00521nam a2200157 a 4500
008 120416s0000 ||||||||||||||||| || u
020 _a1850911029
050 _aHF 5635 Goc
100 _aGoch, Desmond
245 1 0 _aFinance and accounts for managers
250 _a5th ed.
260 _aLondon
_bKogan Page
_c1986
300 _a(11) 128p. : ill
350 _a0.00
995 _D0.00
_FCBU-MAIN LIBRARY (Kitwe)
_H1
_I5.95
_UAVAILABLE
_ZMain Library Open Access Collection
999 _c43284
_d43284